Gravitational radiation and gravitational collapse (Record no. 4501)

MARC details
000 -LEADER
fixed length control field 00891nam a2200229Ia 4500
003 - CONTROL NUMBER IDENTIFIER
control field IN-BaIIA
008 - FIXED-LENGTH DATA ELEMENTS--GENERAL INFORMATION
fixed length control field 211028s9999 xx 000 0 eng d
020 ## - INTERNATIONAL STANDARD BOOK NUMBER
International Standard Book Number 90-277-0435-X
040 ## - CATALOGING SOURCE
Transcribing agency IIA Library
080 ## - UNIVERSAL DECIMAL CLASSIFICATION NUMBER
Universal Decimal Classification number 082.2:52
Item number IAU-S64
110 ## - MAIN ENTRY--CORPORATE NAME
Corporate name or jurisdiction name as entry element International Astronomical Union
111 ## - MAIN ENTRY--MEETING NAME
Meeting name or jurisdiction name as entry element International Astronomical Union Symposium
Number of part/section/meeting 64th
Location of meeting Warshaw, Poland
Date of meeting or treaty signing 1973 Sept. 5-8
9 (RLIN) 7881
245 #0 - TITLE STATEMENT
Title Gravitational radiation and gravitational collapse
Remainder of title proceedings of the IAU symposium No.64 held in Warshaw, Poland, September 5-8, 1973,
Statement of responsibility, etc. edited by Cecile Dewitt-Morette
260 ## - PUBLICATION, DISTRIBUTION, ETC.
Place of publication, distribution, etc. Dordrecht
Name of publisher, distributor, etc. D. Reidel Publishing
Date of publication, distribution, etc. 1974
300 ## - PHYSICAL DESCRIPTION
Extent xvi, 223p.
490 ## - SERIES STATEMENT
Series statement IAU Symposium; no. 64
650 ## - SUBJECT ADDED ENTRY--TOPICAL TERM
Topical term or geographic name entry element Astronomy and Astrophysics Thesaurus
650 ## - SUBJECT ADDED ENTRY--TOPICAL TERM
Topical term or geographic name entry element Gravitational collapse
9 (RLIN) 4482
650 ## - SUBJECT ADDED ENTRY--TOPICAL TERM
Topical term or geographic name entry element Gravitational radiation
9 (RLIN) 7882
700 ## - ADDED ENTRY--PERSONAL NAME
Personal name Dewitt-Morette, Cecile., ed.
9 (RLIN) 7883
942 ## - ADDED ENTRY ELEMENTS (KOHA)
Koha item type Books
Holdings
Withdrawn status Lost status Damaged status Not for loan Home library Current library Shelving location Date acquired Total Checkouts Full call number Barcode Date last seen Price effective from Koha item type
        IIA Library-Bangalore IIA Library-Bangalore General Stacks 18/09/1974   082.2:52/ IAU-S64 5026 05/11/2021 18/09/1974 Books

Powered by Koha